Statystyki dla Imiona znanych osób #5

Kliknij tutaj aby rozwiązać quiz!

Ogólne statystyki

  • Ten quiz został rozwiązany 123 razy
    (122 od ostatniego zresetowania)
  • Średni wynik to 6 z 10

Statystyki odpowiedzi

ImięNazwisko% Poprawnych
ElonMusk
88%
AbrahamLincoln
86%
DuaLipa
85%
PabloEscobar
81%
MahatmaGandhi
48%
JimiHendrix
41%
JohannCruyff
37%
MarilynMonroe
34%
MeghanMarkle
34%
ErnestoChe Guevara
22%

Rozkład punktacji

Percentyl według liczby udzielonych odpowiedzi

Procent ludzi z każdym wynikiem

Twoja historia wyników

Nie rozwiązałeś tego quizu od ostatniego zresetowania